000 00510nam a2200169 4500
001 143990
003 ES-MaACL
005 20230906200924.0
007 t|
008 070214s1945 xxu r ||||1| eng d
100 1 _aShaw, Lau.
_9106033
245 1 0 _aRickshaw boy /
_cby Lau Shaw ; translated from the chinese by Evan King.
260 _aNew York :
_bReynal and Hitchcock,
_c1945 (
_fH. Wolff)
300 _a383 p. :
_bil. ;
_c21 cm.
700 1 _aKing, Evan.
_968055
852 _aES-MaACL
_jC-25148
_bR.53999
999 _c143990
_d143990